<Die> Zeitliche Aufeinanderfolge von Auftragseingang und Umsath und ihr Aussagewert für die Konjukturanalyse Inaugural-Dissertation

Gespeichert in:
Bibliographische Detailangaben
1. Verfasser: Thull, Karl-Heinz
Format: Buch
Sprache:Deutsch
Veröffentlicht: Frankfurt am Main Johann Wolfgang Goethe-Universität 1981
Tags: Tag hinzufügen
Keine Tags, Fügen Sie das erste Tag hinzu!

MARC

LEADER 00000nam a2200000 4500
001 c126519
005 20140320095057.6
041 0 |a ger 
044 |a DE 
245 1 0 |a <Die> Zeitliche Aufeinanderfolge von Auftragseingang und Umsath und ihr Aussagewert für die Konjukturanalyse  |b Inaugural-Dissertation  |c Karl-Heinz Thull 
264 1 |a Frankfurt am Main  |b Johann Wolfgang Goethe-Universität  |c 1981 
300 |a 293 s. 
100 1 |a Thull, Karl-Heinz